Statistiques concernant Les champions du monde de ski alpin

Cliquez ici pour prendre le quiz!

Statistiques générales

  • Ce quiz a été pris 250 fois
  • Le résultat moyen est 21 sur 55

Statistiques - réponses

AnnéeDisciplineChampion du Monde% Correct
2019CombinéAlexis Pinturault
87%
2017GéantMarcel Hirscher
85%
2015CombinéMarcel Hirscher
85%
2017SlalomMarcel Hirscher
85%
2019SlalomMarcel Hirscher
85%
2013SlalomMarcel Hirscher
85%
2013DescenteAksel Lund Svindal
55%
2011CombinéAksel Lund Svindal
55%
2009CombinéAksel Lund Svindal
55%
2007GéantAksel Lund Svindal
55%
2007DescenteAksel Lund Svindal
55%
2019GéantHenrik Kristoffersen
55%
2005Super-GBode Miller
54%
2005DescenteBode Miller
54%
2003CombinéBode Miller
54%
2003GéantBode Miller
54%
2009Super-GDidier Cuche
54%
2005GéantHermann Maier
51%
2017DescenteBeat Feuz
50%
2015SlalomJean-Baptiste Grange
50%
2011SlalomJean-Baptiste Grange
50%
2013CombinéTed Ligety
42%
2013GéantTed Ligety
42%
2013Super-GTed Ligety
42%
2011GéantTed Ligety
42%
2015GéantTed Ligety
42%
2021GéantMathieu Faivre
40%
2009GéantCarlo Janka
39%
2019Super-GDominik Paris
39%
2019DescenteKjetil Jansrud
38%
2003SlalomIvica Kostelić
32%
2021CombinéMarco Schwarz
30%
2001CombinéKjetil André Aamodt
28%
2001SlalomMario Matt
27%
2007SlalomMario Matt
27%
2021Super-GVincent Kriechmayr
26%
2021DescenteVincent Kriechmayr
26%
2005SlalomBenjamin Raich
21%
2005CombinéBenjamin Raich
21%
2021SlalomSebastian Foss Solevåg
18%
2011Super-GChristof Innerhofer
17%
2017CombinéLuca Aerni
17%
2003Super-GStephan Eberharter
17%
2017Super-GErik Guay
10%
2011DescenteErik Guay
10%
2015Super-GHannes Reichelt
8%
2015DescentePatrick Küng
8%
2007CombinéDaniel Albrecht
7%
2009SlalomManfred Pranger
7%
2001Super-GDaron Rahlves
6%
2003DescenteMichael Walchhofer
6%
2001GéantMichael von Grünigen
5%
2007Super-GPatrick Staudacher
4%
2001DescenteHannes Trinkl
3%
2009DescenteJohn Kucera
3%

Distribution des résultats

Percentile par nombre de réponses

% des personnes avec chaque résultat

Votre développement - résultats

Vous n’avez pas pris ce quiz